[Event "Amsterdam VSB"]
[Site "Amsterdam NED"]
[Date "1996.??.??"]
[Round "3"]
[White "Topalov, Veselin"]
[Black "Short, Nigel D"]
[Result "0-1"]
[WhiteElo "2700"]
[BlackElo "2665"]
[EventDate "1996.03.??"]

1.e4 c5 2.Cf3 d6 3.d4 cxd4 4.Cxd4 Cf6 5.Cc3 a6 6.Fc4 e6 7.Fb3 Cbd7 8.f4 
Cc5 9.O-O Cfxe4 10.Cxe4 Cxe4 11.f5 e5 12.Dh5 d5 13.Te1 Fc5 14.Txe4 Fxd4+ 
15.Fe3 O-O 16.Txd4 exd4 17.Fxd4 f6 18.Fc5 Te8 19.Td1 Rh8 20.Txd5 Fd7 21.h3
Te5 22.Txe5 fxe5 23.Ff7 Fe8 24.Fg6 h6 25.Fxe8 Dxe8 26.Dxe8+ Txe8 27.Fd6 
Td8 28.Fxe5 Td5 29.Fc3 Txf5 30.Fd4 b5 31.c3 h5 32.Ff2 Rg8 33.Rf1 Rf7 34.
Re2 Re6 35.Fd4 g6 36.Fb6 Rd5 37.Fc7 Re4 38.Fd8 Td5 39.Fh4 Td3 40.Ff2 a5 
41.Fe1 a4 42.Fd2 Td7 43.Fh6 Td5 44.Fc1 Tc5 45.Fe3 a3 46.Fc1 b4 0-1

[Event "Amsterdam VSB"]
[Site "Amsterdam NED"]
[Date "1996.??.??"]
[Round "4"]
[White "Seirawan, Yasser"]
[Black "Topalov, Veselin"]
[Result "1/2-1/2"]
[WhiteElo "2630"]
[BlackElo "2700"]
[EventDate "1996.03.??"]

1.d4 Cf6 2.c4 e6 3.Cc3 Fb4 4.Dc2 O-O 5.a3 Fxc3+ 6.Dxc3 b6 7.Fg5 Fb7 8.f3 
h6 9.Fh4 d5 10.cxd5 exd5 11.e3 Te8 12.Fb5 c6 13.Fa4 Cbd7 14.Ce2 De7 15.Ff2
Fa6 16.b4 Tec8 17.Db2 Fc4 18.Fb3 b5 19.Fxc4 bxc4 20.O-O a5 21.Cc3 Tcb8 22.
Tab1 axb4 23.axb4 Tb7 24.Tfe1 Df8 25.e4 Tab8 26.b5 dxe4 27.fxe4 cxb5 28.
Db4 Dxb4 29.Txb4 Ta8 30.Teb1 Ta3 31.Fe1 Cf8 32.Cxb5 Td3 33.e5 Cd5 34.Txc4 
Ce6 35.Tcc1 Cxd4 36.Cxd4 Txb1 37.Txb1 Txd4 38.Tb8+ Rh7 39.Td8 Rg6 40.Fg3 
Td2 41.Td6+ Rf5 42.Td7 Rg6 1/2-1/2

[Event "Amsterdam VSB"]
[Site "Amsterdam NED"]
[Date "1996.??.??"]
[Round "7"]
[White "Topalov, Veselin"]
[Black "Lautier, Joel"]
[Result "1-0"]
[WhiteElo "2700"]
[BlackElo "2630"]
[EventDate "1996.03.??"]

1.Cf3 d5 2.d4 e6 3.c4 dxc4 4.e3 Cf6 5.Fxc4 c5 6.De2 a6 7.dxc5 Fxc5 8.O-O 
Cc6 9.a3 Fd6 10.Cbd2 O-O 11.Fd3 b5 12.Ce4 Cxe4 13.Fxe4 Fb7 14.Td1 f5 15.
Fb1 Dc7 16.a4 bxa4 17.Txa4 Cb4 18.e4 a5 19.h3 Fc5 20.Fe3 Fxe3 21.Dxe3 Tad8
22.Tc1 f4 23.Dc3 Dxc3 24.bxc3 Cd3 25.Fxd3 Txd3 26.Ce5 Td2 27.Tb1 Fa8 28.f3
Tc2 29.c4 Td8 30.Txa5 h6 31.Cg6 Fc6 32.h4 Txc4 33.Cxf4 Rf7 34.Tb6 Td7 35.
h5 Tb7 36.Tba6 Rf6 37.Rh2 Tc3 38.Ta8 Re7 39.Tg8 Rf6 40.Cg6 Tf7 41.Ce5 Tc7 
42.Tf8+ Re7 43.Tf7+ 1-0

[Event "Amsterdam VSB"]
[Site "Amsterdam NED"]
[Date "1996.??.??"]
[Round "8"]
[White "Gelfand, Boris"]
[Black "Topalov, Veselin"]
[Result "0-1"]
[WhiteElo "2700"]
[BlackElo "2700"]
[EventDate "1996.03.??"]

1.d4 Cf6 2.Cf3 g6 3.c4 Fg7 4.Cc3 O-O 5.e4 d6 6.Fe2 e5 7.O-O Cc6 8.d5 Ce7 
9.Ce1 Cd7 10.Cd3 f5 11.Fd2 Rh8 12.Tc1 Cf6 13.f3 c6 14.Fe3 a6 15.b4 cxd5 
16.cxd5 Fd7 17.Cb2 b5 18.a4 bxa4 19.Cbxa4 Tb8 20.Tb1 fxe4 21.fxe4 Ceg8 22.
Dd3 Fh6 23.Rh1 Fxe3 24.Dxe3 Cg4 25.Txf8 Dxf8 26.Fxg4 Fxg4 27.h3 Fd7 28.Cb6
Dd8 29.Cxd7 Dxd7 30.Dd3 Da7 31.b5 axb5 32.Txb5 Txb5 33.Cxb5 Dc5 34.Cc3 Cf6
35.Df3 Rg7 36.g4 Da3 37.Rg2 Db2+ 38.Rg1 Dc1+ 39.Rg2 Dd2+ 40.Rf1 h6 41.Ce2 
Dd1+ 42.Rf2 Dc2 43.Re3 Db1 44.Cg3 De1+ 45.Rd3 Dg1 46.h4 Db1+ 47.Re2 Dc2+ 
48.Rf1 Dc8 49.h5 Cxg4 50.De2 Dc1+ 51.Rg2 Df4 52.hxg6 Rxg6 53.Df3 Rg5 54.
Cf5 Dd2+ 55.Rg1 h5 56.Cg7 Dc1+ 57.Rg2 Db2+ 58.Rg1 Da1+ 59.Rg2 Da2+ 0-1

[Event "Amsterdam VSB"]
[Site "Amsterdam NED"]
[Date "1996.??.??"]
[Round "9"]
[White "Topalov, Veselin"]
[Black "Piket, Jeroen"]
[Result "1-0"]
[WhiteElo "2700"]
[BlackElo "2570"]
[EventDate "1996.03.??"]

1.e4 e5 2.Cf3 Cc6 3.Fb5 a6 4.Fa4 Cf6 5.O-O Fe7 6.Te1 b5 7.Fb3 d6 8.c3 O-O 
9.h3 Fb7 10.d4 Te8 11.Cbd2 Ff8 12.d5 Ce7 13.c4 c6 14.Fc2 bxc4 15.dxc6 Cxc6
16.Cxc4 Cd4 17.Cxd4 exd4 18.Fg5 d5 19.Fxf6 Dxf6 20.e5 Dh6 21.Cd2 Fb4 22.
Te2 Fxd2 23.Dxd2 Dxd2 24.Txd2 Txe5 25.b4 a5 26.b5 Tc8 27.Fd3 Rf8 28.Ff1 
Re7 29.Txd4 Te4 30.Td3 Rd6 31.Ta3 a4 32.Tb1 g6 33.f3 Td4 34.Fd3 Rc5 35.Ff1
Rb6 36.Tb2 f5 37.Te3 Td1 38.Rf2 Tdc1 39.Te6+ Ra5 40.Fd3 a3 41.Tb3 T8c3 42.
Txc3 Txc3 43.Re3 Tb3 44.Rd4 Tb2 45.Te2 f4 46.Rc5 Txe2 47.Fxe2 g5 48.b6 h5 
49.Fb5 d4 50.Fd3 h4 51.Ff1 Fa8 52.Fc4 Fb7 53.Fd3 Fc8 54.Fe4 Ra6 55.Rc6 Ra5
56.Fd3 Rb4 57.Rc7 Rc5 58.Ff1 1-0

[Event "PCA/Intel-GP"]
[Site "Moscow RUS"]
[Date "1996.??.??"]
[Round "1.1"]
[White "Topalov, Veselin"]
[Black "Dreev, Alexey"]
[Result "0-1"]
[WhiteElo "2700"]
[BlackElo "2670"]
[EventDate "1996.04.??"]

1.e4 e6 2.d4 d5 3.Cc3 Cf6 4.Fg5 dxe4 5.Cxe4 Fe7 6.Fxf6 Fxf6 7.Cf3 O-O 8.
Dd2 Cd7 9.O-O-O b6 10.Fd3 Fb7 11.c3 Fe7 12.h4 c5 13.dxc5 Dc7 14.Ceg5 Cf6 
15.Dc2 h6 16.Tde1 Fxf3 17.Cxf3 Fxc5 18.Ce5 Fd6 19.f4 Tad8 20.De2 Cd5 21.
Fc2 Tfe8 22.De4 f5 23.Df3 Fxe5 24.fxe5 Dc4 25.Rb1 Df4 26.De2 Tc8 27.Th3 
Ted8 28.Tf1 Dc4 29.Fd3 Da4 30.Fb5 Da5 31.Fc4 b5 32.Fb3 b4 33.cxb4 Dxb4 34.
a3 Db6 35.Td1 Cf4 36.Txd8+ Txd8 37.Df3 Cxh3 38.gxh3 Tb8 39.Ra2 f4 0-1

[Event "PCA/Intel-GP"]
[Site "Moscow RUS"]
[Date "1996.??.??"]
[Round "1.2"]
[White "Dreev, Alexey"]
[Black "Topalov, Veselin"]
[Result "1-0"]
[WhiteElo "2670"]
[BlackElo "2700"]
[EventDate "1996.04.??"]

1.d4 Cf6 2.c4 c5 3.d5 b5 4.cxb5 a6 5.b6 d6 6.Cc3 Cbd7 7.e4 g6 8.Cf3 Fg7 9.
Fe2 O-O 10.O-O Cxb6 11.Ff4 Ce8 12.h3 Cc7 13.Dd2 Fb7 14.Fh6 f5 15.Fxg7 Rxg7
16.b4 Cd7 17.bxc5 Cxc5 18.Dd4+ Rg8 19.e5 Tc8 20.Tad1 Ce8 21.Tfe1 Cg7 22.
Ff1 Tc7 23.Tc1 Dc8 24.exd6 exd6 25.Cg5 Te8 26.Dh4 Ch5 27.Txe8+ Dxe8 28.Db4
De7 29.Cf3 Cf6 30.Te1 Dd7 31.Cg5 Tc8 32.Dd4 Dg7 33.Ce6 Cxe6 34.Txe6 Cxd5 
35.Dxg7+ Rxg7 36.Cxd5 Fxd5 37.Txd6 Fxa2 38.Txa6 Tc2 39.g3 Tb2 40.Fg2 h5 
41.h4 Tb1+ 42.Rh2 Tb2 43.Rg1 Fc4 44.Tc6 Fe2 45.Tc7+ Rh6 46.Fd5 Tb8 47.Te7 
Fd1 48.f4 Td8 49.Fc4 Fc2 50.Rf2 Fe4 51.Re3 Tc8 52.Rd4 Fc2 53.Fd5 Td8 54.
Re5 Fb1 55.Ff7 Fc2 56.Rf6 Fb1 57.Te8 Td6+ 58.Te6 Td8 59.Te8 Td6+ 60.Fe6 
Rh7 61.Te7+ Rh6 62.Te8 Rh7 63.Rg5 Rg7 64.Tg8+ Rh7 65.Txg6 1-0

[Event "?"]
[Site "Dos Hermanas ESP"]
[Date "1996.??.??"]
[Round "3"]
[White "Polgar, Judit"]
[Black "Topalov, Veselin"]
[Result "0-1"]
[WhiteElo "2675"]
[BlackElo "2700"]
[EventDate "1996.05.??"]

1.e4 c5 2.Cf3 d6 3.d4 cxd4 4.Dxd4 Fd7 5.c4 Cc6 6.Dd2 g6 7.b3 Fg7 8.Cc3 Cf6
9.Fb2 Fg4 10.Fe2 O-O 11.h3 Fxf3 12.Fxf3 Cd7 13.O-O Da5 14.Tab1 Tfd8 15.
Tfc1 a6 16.a3 Ff6 17.Fg4 e6 18.b4 Dg5 19.f4 Dh6 20.Ce2 Cde5 21.Tc2 Cxg4 
22.hxg4 Fxb2 23.Tbxb2 Dh4 24.g5 e5 25.b5 axb5 26.cxb5 Cd4 27.Cxd4 exd4 28.
Tb3 Te8 29.g3 Dg4 30.Dxd4 Ta4 31.Tc4 Txc4 32.Dxc4 Tc8 33.Dd3 Tc1+ 34.Rg2 
Dh5 35.e5 Td1 36.Df3 Dh1+ 37.Rf2 0-1

[Event "?"]
[Site "Dos Hermanas ESP"]
[Date "1996.??.??"]
[Round "5"]
[White "Topalov, Veselin"]
[Black "Gelfand, Boris"]
[Result "1-0"]
[WhiteElo "2700"]
[BlackElo "2700"]
[EventDate "1996.05.??"]

1.d4 d5 2.c4 c6 3.Cf3 Cf6 4.Cc3 dxc4 5.a4 Ff5 6.Ce5 e6 7.f3 c5 8.e4 cxd4 
9.exf5 Cc6 10.Cxc6 bxc6 11.fxe6 fxe6 12.De2 dxc3 13.Dxe6+ De7 14.Fxc4 
Dxe6+ 15.Fxe6 cxb2 16.Fxb2 Fb4+ 17.Re2 Re7 18.Fc4 Thd8 19.Thd1 Tab8 20.g3 
h5 21.Td4 Fa5 22.Fa3+ Re8 23.Tad1 Txd4 24.Txd4 Tb1 25.Fd3 Te1+ 26.Rf2 Rf7 
27.Fc5 Ta1 28.Fc4+ Re8 29.Fd3 Rf7 30.Fxa7 Ta2+ 31.Rg1 Ta1+ 32.Rg2 Ta2+ 33.
Rh3 Ta3 34.f4 Fe1 35.Fc5 Tc3 36.Fc4+ Re8 37.Fb4 Tc1 38.Fxe1 Txe1 39.a5 Ta1
40.a6 Re7 41.Td2 1-0

[Event "?"]
[Site "Dos Hermanas ESP"]
[Date "1996.??.??"]
[Round "6"]
[White "Kamsky, Gata"]
[Black "Topalov, Veselin"]
[Result "0-1"]
[WhiteElo "2735"]
[BlackElo "2700"]
[EventDate "1996.05.??"]

1.d4 Cf6 2.Cf3 e6 3.c4 c5 4.d5 d6 5.Cc3 exd5 6.cxd5 g6 7.g3 Fg7 8.Fg2 O-O 
9.O-O Ca6 10.h3 Te8 11.Cd2 Cc7 12.a4 b6 13.e4 Fa6 14.Te1 Cd7 15.Cf3 De7 
16.Ff4 Df8 17.Dc2 h6 18.Tab1 g5 19.Fd2 Fb7 20.Ch2 Ce5 21.Cg4 Cc4 22.Ce3 
Cxe3 23.Fxe3 Ca6 24.Cb5 Cb4 25.Dd2 Ted8 26.Rh2 a6 27.Cc3 Te8 28.f4 gxf4 
29.Fxf4 Fc8 30.Te2 Fd7 31.Tbe1 c4 32.e5 dxe5 33.Fxe5 Txe5 34.Txe5 Cd3 35.
Te7 Cxe1 36.Dxe1 Td8 37.De4 b5 38.d6 bxa4 39.Dxc4 Fe6 40.Dxa4 Fe5 41.Ce4 
Fxd6 42.Ta7 Fe5 43.b3 Dg7 44.Dxa6 Td4 45.b4 Ff5 46.De2 Fxe4 47.Ta3 Fxg2 
48.Rxg2 Txb4 49.Ta8+ Rh7 0-1

[Event "?"]
[Site "Dos Hermanas ESP"]
[Date "1996.??.??"]
[Round "7"]
[White "Topalov, Veselin"]
[Black "Anand, Viswanathan"]
[Result "1/2-1/2"]
[WhiteElo "2700"]
[BlackElo "2725"]
[EventDate "1996.05.??"]

1.e4 e5 2.Cf3 Cc6 3.Fb5 a6 4.Fa4 Cf6 5.O-O Cxe4 6.d4 b5 7.Fb3 d5 8.dxe5 
Fe6 9.Cbd2 Cc5 10.c3 d4 11.Fxe6 Cxe6 12.cxd4 Ccxd4 13.a4 Fc5 14.Ce4 O-O 
15.Cxc5 Cxf3+ 16.Dxf3 Cxc5 17.axb5 axb5 18.Fg5 Txa1 19.Fxd8 Txf1+ 20.Rxf1 
Txd8 21.g3 Ce6 22.Db7 g6 23.Dxb5 c5 24.h4 h5 25.b4 cxb4 26.Dxb4 Rg7 27.Rg2
Rg8 28.Dc3 Ta8 29.Df3 Tb8 30.De3 1/2-1/2

[Event "?"]
[Site "Dos Hermanas ESP"]
[Date "1996.??.??"]
[Round "9"]
[White "Topalov, Veselin"]
[Black "Illescas Cordoba, Miguel"]
[Result "1/2-1/2"]
[WhiteElo "2700"]
[BlackElo "2635"]
[EventDate "1996.05.??"]

1.e4 c5 2.Cf3 Cc6 3.d4 cxd4 4.Cxd4 Cf6 5.Cc3 e5 6.Cdb5 d6 7.Fg5 a6 8.Ca3 
b5 9.Fxf6 gxf6 10.Cd5 Fg7 11.c3 f5 12.exf5 Fxf5 13.Cc2 O-O 14.Cce3 Fe6 15.
Fd3 f5 16.Fc2 f4 17.Dh5 Tf7 18.Fxh7+ Rf8 19.Ff5 De8 20.Fxe6 Dxe6 21.Dg4 
Dh6 22.Cf5 De6 23.Cfe3 Dh6 24.Cf5 De6 25.Cfe3 1/2-1/2

[Event "?"]
[Site "Leon ESP"]
[Date "1996.??.??"]
[Round "1"]
[White "Polgar, Judit"]
[Black "Topalov, Veselin"]
[Result "1-0"]
[WhiteElo "2675"]
[BlackElo "2700"]
[EventDate "1996.06.??"]

1.e4 c5 2.Cf3 d6 3.d4 cxd4 4.Cxd4 Cf6 5.Cc3 g6 6.f4 Cc6 7.Cf3 Fg7 8.Fd3 
O-O 9.O-O Fg4 10.De1 Fxf3 11.Txf3 e6 12.Rh1 Tc8 13.Tf1 Te8 14.Df2 a6 15.f5
Cd7 16.Dg3 Db6 17.Cd1 Cce5 18.Fe3 Da5 19.Fg5 h6 20.Fe3 Rh7 21.Dh3 exf5 22.
exf5 Db4 23.Cf2 Cc5 24.a3 Da4 25.Tae1 Ccxd3 26.cxd3 h5 27.Fd2 Cg4 28.Ce4 
Dc2 29.Tc1 Dxb2 30.Df3 Ce5 31.De3 Dxa3 32.Fc3 Rg8 33.fxg6 fxg6 34.Db6 Tf8 
35.Dxb7 Da2 36.Fxe5 1-0

[Event "?"]
[Site "Leon ESP"]
[Date "1996.??.??"]
[Round "2"]
[White "Topalov, Veselin"]
[Black "Leko, Peter"]
[Result "1-0"]
[WhiteElo "2700"]
[BlackElo "2625"]
[EventDate "1996.06.??"]

1.e4 c5 2.Cf3 Cc6 3.d4 cxd4 4.Cxd4 Cf6 5.Cc3 e5 6.Cdb5 d6 7.Fg5 a6 8.Ca3 
b5 9.Fxf6 gxf6 10.Cd5 f5 11.c3 Fg7 12.exf5 Fxf5 13.Cc2 Fe6 14.g3 O-O 15.
Fg2 a5 16.O-O f5 17.De2 Tb8 18.Tfd1 Rh8 19.Td2 Dd7 20.Tad1 Df7 21.b3 Ca7 
22.Rh1 Cc8 23.Ca3 Ca7 24.f4 Fxd5 25.Txd5 exf4 26.gxf4 Fxc3 27.Dd3 Fb2 28.
Cc2 Cc6 29.Txb5 Cb4 30.Cxb4 axb4 31.Txb8 Txb8 32.Dxd6 Df8 33.Dd7 Dc5 34.
Fd5 Tf8 35.De6 Fg7 36.Tg1 Dc7 37.Tg3 Dd8 38.Dc6 De7 39.Fe6 h6 40.Rg2 Tf6 
41.Da8+ Ff8 42.Fd5 Rh7 43.Fg8+ Rh8 44.Rh3 Td6 45.Fc4 Td8 46.Da5 Fg7 47.
Dxf5 Tf8 48.Dd5 Df6 49.Dd7 Df5+ 50.Dxf5 Txf5 51.Rg4 Ta5 52.Tg2 Ff6 53.Rf3 
Fg7 54.Re4 Rh7 55.h3 Rh8 56.Fe6 Rh7 57.Tc2 Fc3 58.Rd3 Rg7 59.f5 Rf6 60.Tg2
Re5 61.Rc4 Ta7 62.h4 Tc7+ 63.Rd3 Rf4 64.Tg6 Tg7 65.a4 1-0

[Event "?"]
[Site "Leon ESP"]
[Date "1996.??.??"]
[Round "3"]
[White "Illescas Cordoba, Miguel"]
[Black "Topalov, Veselin"]
[Result "1/2-1/2"]
[WhiteElo "2635"]
[BlackElo "2700"]
[EventDate "1996.06.??"]

1.d4 Cf6 2.c4 c5 3.d5 b5 4.Cf3 g6 5.cxb5 a6 6.b6 d6 7.Cc3 Cbd7 8.a4 Dxb6 
9.a5 Da7 10.e4 Fg7 11.Fe2 O-O 12.O-O Tb8 13.Cd2 Ce8 14.Cc4 Cc7 15.Fg5 Te8 
16.Ca4 Cb5 17.Cab6 Db7 18.Ta2 Cf6 19.Fxf6 Fxf6 20.Cxc8 Tbxc8 21.Cb6 Tb8 
22.Fc4 Cc7 23.Dd3 Da7 24.b3 Ca8 25.Cxa8 Txa8 26.g3 Teb8 27.Rg2 Rg7 28.h4 
h5 29.Te1 Fd4 30.Tb1 Tb4 31.De2 1/2-1/2

[Event "?"]
[Site "Leon ESP"]
[Date "1996.??.??"]
[Round "4"]
[White "Topalov, Veselin"]
[Black "Polgar, Judit"]
[Result "1-0"]
[WhiteElo "2700"]
[BlackElo "2675"]
[EventDate "1996.06.??"]

1.e4 c5 2.Cf3 d6 3.d4 cxd4 4.Cxd4 Cf6 5.Cc3 a6 6.Fe2 e6 7.f4 Cbd7 8.Ff3 
Db6 9.a3 e5 10.Cde2 Dc5 11.g4 exf4 12.Cxf4 Ce5 13.h3 Fe6 14.g5 Cfd7 15.
Cfd5 g6 16.Fe2 Fg7 17.Fe3 Dc6 18.Dd2 Cc4 19.Fxc4 Dxc4 20.O-O-O Tc8 21.Rb1 
Td8 22.b3 Dc6 23.Fd4 Fxd4 24.Dxd4 Ce5 25.Df2 Rd7 26.Td4 f5 27.gxf6 Thf8 
28.Thd1 Re8 29.De3 Tc8 30.T1d2 Dc5 31.Rb2 b5 32.Dg3 Tf7 33.h4 a5 34.a4 b4 
35.Cb5 Tb7 36.Rb1 Txb5 37.axb5 Dxb5 38.Df4 Cf7 39.Df2 Tc5 40.Cf4 Te5 41.
Txd6 Cxd6 1-0

[Event "?"]
[Site "Leon ESP"]
[Date "1996.??.??"]
[Round "5"]
[White "Leko, Peter"]
[Black "Topalov, Veselin"]
[Result "1/2-1/2"]
[WhiteElo "2625"]
[BlackElo "2700"]
[EventDate "1996.06.??"]

1.e4 c5 2.Cf3 e6 3.d4 cxd4 4.Cxd4 Cc6 5.Cc3 a6 6.g3 Cge7 7.Fe3 b5 8.Cb3 d6
9.f4 Fd7 10.Fg2 Cc8 11.Cd4 Cb6 12.Cxc6 Fxc6 13.Fd4 b4 14.Ce2 Cd7 15.Dd3 e5
16.Ff2 Db8 17.O-O-O Fe7 18.The1 O-O 19.Rb1 a5 20.Cc1 Db7 21.De2 Tfc8 22.
Cd3 Tc7 23.Td2 Ff6 24.f5 Fg5 25.Fe3 Fe7 26.Ff2 Cb6 27.b3 Cd7 28.h4 Fb5 29.
g4 Tac8 30.g5 f6 31.g6 h6 32.Dd1 Tc3 33.Cb2 Rh8 34.Ff3 Ff8 35.Fe2 1/2-1/2

[Event "?"]
[Site "Leon ESP"]
[Date "1996.??.??"]
[Round "6"]
[White "Topalov, Veselin"]
[Black "Illescas Cordoba, Miguel"]
[Result "1/2-1/2"]
[WhiteElo "2700"]
[BlackElo "2635"]
[EventDate "1996.06.??"]

1.e4 c6 2.d4 d5 3.e5 Ff5 4.Cf3 e6 5.Fe2 c5 6.Fe3 Db6 7.dxc5 Fxc5 8.Fxc5 
Dxc5 9.Dd4 Cd7 10.Cc3 a6 11.Dxc5 Cxc5 12.Cd4 Ce7 13.f4 h5 14.O-O-O Tc8 15.
The1 Fg6 16.Fd3 Fxd3 17.cxd3 Cc6 18.Cxc6 Txc6 19.Rd2 g6 20.Tc1 Re7 21.Ce2 
Thc8 22.Cd4 T6c7 23.h4 Ca4 24.Txc7+ Txc7 25.b3 Cb6 26.a4 Cc8 27.b4 Rd7 28.
Tb1 Ca7 29.b5 axb5 30.axb5 Tc5 31.Re3 b6 32.Tb3 Re7 33.Rf3 f5 34.exf6+ 
Rxf6 35.Re3 Cc8 36.Tb1 Cd6 37.Rd2 e5 38.fxe5+ Rxe5 39.Tb4 Cc4+ 40.dxc4 
Rxd4 41.cxd5+ Rxd5 42.Rd3 Tc1 43.Tf4 Re5 44.Te4+ Rf5 45.Td4 Tc5 46.Tb4 Te5
47.g3 Te1 48.Tf4+ Re5 49.Tf3 Tc1 50.Tf4 Tg1 51.Tf3 Rd5 52.Re3 Re5 53.Rd3 
Rd5 54.Re3 Re5 55.Rd3 Ta1 56.Rc4 Ta4+ 57.Rb3 Tg4 58.Td3 Td4 59.Tc3 Tg4 60.
Td3 1/2-1/2

[Event "?"]
[Site "Dortmund GER"]
[Date "1996.??.??"]
[Round "2"]
[White "Lobron, Eric"]
[Black "Topalov, Veselin"]
[Result "0-1"]
[WhiteElo "2585"]
[BlackElo "2750"]
[EventDate "1996.07.??"]

1.d4 Cf6 2.Cf3 e6 3.c4 c5 4.d5 d6 5.Cc3 exd5 6.cxd5 g6 7.h3 Fg7 8.e4 O-O 
9.Fd3 b5 10.Cxb5 Te8 11.O-O Cxe4 12.Te1 a6 13.Da4 Cd7 14.Txe4 Txe4 15.Dxe4
Cf6 16.Dh4 axb5 17.Fxb5 Db6 18.a4 Fb7 19.Fh6 Fxd5 20.Cd2 Db7 21.Fxg7 Rxg7 
22.Dg3 Ch5 23.Dc3+ Rg8 24.f3 De7 25.Ce4 Fxe4 26.fxe4 Dxe4 27.Te1 Db7 28.
Tf1 Cg7 29.Df6 Cf5 30.Te1 Dd5 31.b3 Dd2 32.Tf1 De3+ 33.Rh2 Dg3+ 34.Rg1 
Dxb3 35.Txf5 gxf5 36.Dg5+ Rf8 37.Dh6+ Re7 38.Dh4+ f6 39.Dxh7+ Df7 40.Dxf5 
Rd8 41.Fc6 Ta7 42.Fd5 De7 43.Db1 Rc8 44.Df5+ Rc7 45.Db1 De3+ 46.Rh1 Dd2 
47.Db3 Dc1+ 0-1

[Event "?"]
[Site "Dortmund GER"]
[Date "1996.??.??"]
[Round "3"]
[White "Topalov, Veselin"]
[Black "Gelfand, Boris"]
[Result "1/2-1/2"]
[WhiteElo "2750"]
[BlackElo "2665"]
[EventDate "1996.07.??"]

1.d4 d5 2.c4 c6 3.Cf3 Cf6 4.Cc3 e6 5.Fg5 h6 6.Fh4 dxc4 7.e4 g5 8.Fg3 b5 9.
Fe2 Fb7 10.O-O Cbd7 11.a4 b4 12.e5 Ch5 13.Ce4 c5 14.Cfd2 Cxg3 15.fxg3 Fe7 
16.Cd6+ Fxd6 17.exd6 c3 18.bxc3 bxc3 19.Cc4 O-O 20.Tc1 f5 21.dxc5 Tc8 22.
Ff3 Fa6 23.c6 Fxc4 24.c7 Df6 25.Te1 Cc5 26.Te3 Ce4 27.h3 Fd5 28.Fxe4 fxe4 
29.Texc3 Tf7 30.Rh2 De5 31.Tc6 e3 32.De2 Fxc6 33.Txc6 Dd5 34.Da6 Tff8 35.
Tc3 Rg7 36.Td3 De4 37.Dxc8 Txc8 38.d7 Txc7 39.d8=D Tf7 40.Dd4+ Dxd4 41.
Txd4 Tb7 42.Te4 Rf6 43.Txe3 Tb4 44.Tf3+ Re7 45.Tc3 Txa4 46.Tc7+ Rd6 47.Th7
a5 48.Txh6 Tc4 49.Th8 a4 50.h4 g4 51.h5 Re7 52.h6 Rf7 53.Te8 Tc5 54.Ta8 
Th5+ 55.Rg1 Txh6 56.Txa4 Tg6 57.Rf2 1/2-1/2

[Event "?"]
[Site "Dortmund GER"]
[Date "1996.??.??"]
[Round "4"]
[White "Polgar, Judit"]
[Black "Topalov, Veselin"]
[Result "1-0"]
[WhiteElo "2665"]
[BlackElo "2750"]
[EventDate "1996.07.??"]

1.e4 c5 2.Cc3 Cc6 3.f4 g6 4.Cf3 Fg7 5.Fb5 Cd4 6.Fd3 d6 7.Cxd4 cxd4 8.Ce2 
Cf6 9.O-O O-O 10.De1 Cd7 11.Fc4 d5 12.exd5 Cb6 13.d3 Cxc4 14.dxc4 b5 15.
Df2 bxc4 16.Cxd4 Dxd5 17.Fe3 a5 18.c3 Td8 19.Dc2 e6 20.Tad1 Dh5 21.Cc6 
Txd1 22.Txd1 Fb7 23.Ce7+ Rh8 24.Td7 Db5 25.Dd2 Fd5 26.Tc7 Fe4 27.Cc8 Dd5 
28.Cd6 Rg8 29.Cxc4 Tb8 30.Dxd5 exd5 31.Fa7 Ta8 32.Cd6 Fb1 33.Cxf7 Fxa2 34.
Cg5 Te8 35.Fd4 Fh6 36.Cxh7 1-0

[Event "?"]
[Site "Dortmund GER"]
[Date "1996.??.??"]
[Round "5"]
[White "Topalov, Veselin"]
[Black "Adams, Michael"]
[Result "0-1"]
[WhiteElo "2750"]
[BlackElo "2685"]
[EventDate "1996.07.??"]

1.Cf3 d6 2.d4 Fg4 3.c4 Cd7 4.e4 Fxf3 5.Dxf3 g6 6.Cc3 Fg7 7.Dd1 c5 8.d5 
Fxc3+ 9.bxc3 Cgf6 10.f3 Da5 11.Db3 O-O-O 12.Fe2 Tdg8 13.Tb1 Dc7 14.Fe3 Rb8
15.Dc2 g5 16.O-O Tg6 17.Tb2 Ra8 18.Tfb1 Tb8 19.Rh1 h5 20.Dd2 g4 21.Dc2 
gxf3 22.gxf3 Ce5 23.f4 Dc8 24.Ff1 Cxc4 25.Fxc4 Dh3 26.Tf1 Dxe3 27.Dd3 
Dxe4+ 28.Dxe4 Cxe4 29.Fd3 f5 30.Fxe4 fxe4 31.Te2 a6 32.Txe4 Tg7 33.a4 Ra7 
34.Tfe1 Tf8 35.a5 Tff7 36.T1e3 Tg4 37.Txe7 Txe7 38.Txe7 Txf4 39.Te6 Tc4 
40.Txd6 Txc3 41.Th6 Td3 42.Txh5 c4 43.Th4 c3 44.Tc4 Txd5 45.Txc3 Txa5 46.
h4 Th5 47.Th3 b5 48.Rg2 Rb6 49.Rf3 a5 50.Re2 b4 51.Rd2 Rb5 52.Rc2 a4 53.
Rb2 Tf5 54.h5 a3+ 55.Rb1 Tf1+ 56.Ra2 Ra4 57.Th4 Tf2+ 58.Ra1 a2 59.h6 Ra3 
0-1

[Event "?"]
[Site "Dortmund GER"]
[Date "1996.??.??"]
[Round "6"]
[White "Anand, Viswanathan"]
[Black "Topalov, Veselin"]
[Result "1-0"]
[WhiteElo "2735"]
[BlackElo "2750"]
[EventDate "1996.07.??"]

1.e4 c5 2.Cf3 e6 3.Cc3 a6 4.d4 cxd4 5.Cxd4 Cc6 6.Fe2 d6 7.O-O Cf6 8.Fe3 
Fe7 9.f4 O-O 10.a4 Dc7 11.Rh1 Te8 12.Ff3 Ca5 13.g4 Cd7 14.Fg2 Ff8 15.De1 
b6 16.Td1 Fb7 17.Dh4 Cc6 18.Cde2 Cb4 19.Td2 Dd8 20.g5 f6 21.Cd4 fxg5 22.
fxg5 Cc6 23.Tdf2 Tc8 24.Cce2 Cc5 25.Cxc6 Fxc6 26.Cd4 Fd7 27.e5 dxe5 28.Cf3
Fc6 29.Cxe5 Fxg2+ 30.Txg2 Tc7 31.Cg4 Rh8 32.Dh3 Dd5 33.g6 h6 34.Fxh6 gxh6 
35.g7+ Fxg7 36.Cxh6 Dxg2+ 37.Dxg2 Fxh6 38.Dg6 1-0

[Event "?"]
[Site "Dortmund GER"]
[Date "1996.??.??"]
[Round "7"]
[White "Topalov, Veselin"]
[Black "Leko, Peter"]
[Result "1-0"]
[WhiteElo "2750"]
[BlackElo "2630"]
[EventDate "1996.07.??"]

1.e4 c5 2.Cf3 d6 3.d4 cxd4 4.Cxd4 Cf6 5.Cc3 Cc6 6.Fc4 e6 7.Fe3 Fe7 8.De2 
O-O 9.O-O-O Fd7 10.f4 Tc8 11.e5 Ce8 12.Cxc6 Fxc6 13.f5 exf5 14.e6 Rh8 15.
exf7 Cf6 16.Fe6 Fd7 17.Fb3 f4 18.Fxf4 Fg4 19.De3 Fxd1 20.Txd1 a6 21.Fe6 
Tc5 22.g4 b5 23.h4 b4 24.Ce2 Dc7 25.g5 Txc2+ 26.Rb1 Ch5 27.Fh2 g6 28.Fb3 
Tc5 29.Cf4 Te5 30.Dd4 Cxf4 31.Fxf4 Dc5 32.Fxe5+ dxe5 33.De4 Rg7 34.Fd5 Dd6
35.Fb3 Dc5 36.Tc1 Dd4 37.Db7 Fd8 38.Td1 Db6 39.De4 Fc7 40.Fc4 a5 41.Td7 a4
42.Df3 Fd8 43.Dg3 Fc7 44.b3 a3 45.Df3 Fd8 46.Rc2 Rh8 47.Rd3 Rg7 48.Re2 Rh8
49.Dd5 Fc7 50.Td8 Fxd8 51.Dxe5+ Ff6 52.Dxf6+ Dxf6 53.gxf6 h5 54.Rf3 Rh7 
55.Rf4 Rh6 56.Re5 g5 57.Re6 Tb8 58.Fb5 Th8 59.Re7 Rg6 60.Fd3+ 1-0

[Event "?"]
[Site "Dortmund GER"]
[Date "1996.??.??"]
[Round "8"]
[White "Huebner, Robert Dr"]
[Black "Topalov, Veselin"]
[Result "1/2-1/2"]
[WhiteElo "2595"]
[BlackElo "2750"]
[EventDate "1996.07.??"]

1.c4 g6 2.d4 Fg7 3.Cc3 Cf6 4.Cf3 O-O 5.g3 d5 6.Fg2 dxc4 7.Da4 Cfd7 8.Dxc4 
Cb6 9.Dd3 Cc6 10.Ff4 Cxd4 11.Cxd4 e5 12.Cdb5 Dxd3 13.exd3 exf4 14.Cxc7 Tb8
15.O-O fxg3 16.hxg3 Td8 17.Tfe1 Ff5 18.Fe4 Fxe4 19.dxe4 Fxc3 20.bxc3 Tbc8 
21.Cb5 a6 22.Cd4 Txc3 23.Cb3 Cc4 24.Ted1 Txd1+ 25.Txd1 a5 26.Td8+ Rg7 27.
Tc8 a4 28.Cd4 Rf6 29.Tc5 g5 30.e5+ Rg6 31.Tc8 g4 32.Tg8+ Rh5 33.Tc8 a3 34.
Rh2 Tc1 35.Tc7 Rg6 36.Tc8 h5 37.Tg8+ Rh7 38.Tc8 Tc3 39.Rg1 b5 40.Cxb5 Tc1+
41.Rh2 Tc2 42.Rg1 Tc1+ 43.Rh2 Tc2 44.Rg1 Ce3 45.Td8 Tc1+ 46.Rh2 Tc2 47.Rg1
Cf5 48.Cxa3 Txa2 49.Cb5 h4 50.Cd6 Ta1+ 51.Rh2 hxg3+ 52.fxg3 Ta2+ 53.Rg1 
Cxg3 54.Cxf7 Cf5 55.e6 Ta1+ 56.Rg2 Ta2+ 57.Rg1 g3 58.Cg5+ Rg7 59.Ce4 Te2 
1/2-1/2

[Event "Novgorod"]
[Site "Novgorod RUS"]
[Date "1996.??.??"]
[Round "2"]
[White "Polgar, Judit"]
[Black "Topalov, Veselin"]
[Result "0-1"]
[WhiteElo "2665"]
[BlackElo "2750"]
[EventDate "1996.07.??"]

1.e4 c5 2.Cc3 g6 3.Cf3 Fg7 4.d4 cxd4 5.Cxd4 Cc6 6.Fe3 Cf6 7.Fc4 O-O 8.Fb3 
d6 9.h3 Ca5 10.O-O b6 11.Dd3 Fb7 12.Fg5 Cxb3 13.axb3 a6 14.Tfe1 h6 15.Fd2 
b5 16.f4 e6 17.Rh2 Tc8 18.Te2 Dc7 19.b4 Tfd8 20.Cb3 e5 21.fxe5 d5 22.exd5 
Cxd5 23.Dg3 Cxb4 24.Tf1 Te8 25.Ff4 g5 26.Cd4 gxf4 27.Txf4 Txe5 28.Txe5 
Dxe5 29.Cf5 Tc4 30.Cxh6+ Rh7 31.Txc4 bxc4 32.Cxf7 Dxg3+ 33.Rxg3 Rg6 34.Cd8
Fc8 35.Ca4 Fe5+ 0-1

[Event "Novgorod"]
[Site "Novgorod RUS"]
[Date "1996.??.??"]
[Round "4"]
[White "Topalov, Veselin"]
[Black "Short, Nigel D"]
[Result "1/2-1/2"]
[WhiteElo "2750"]
[BlackElo "2695"]
[EventDate "1996.07.??"]

1.e4 e5 2.Cf3 Cc6 3.Fb5 a6 4.Fa4 Cf6 5.O-O Fe7 6.Te1 d6 7.c3 Fg4 8.d3 Cd7 
9.Cbd2 Cc5 10.Fc2 Ce6 11.h3 Fh5 12.Cf1 Cg5 13.Fxg5 Fxg5 14.Cg3 Fxf3 15.
Dxf3 g6 16.Tad1 Df6 17.De2 O-O 18.Cf1 Dg7 19.Ch2 f5 20.Cf3 Ff6 21.d4 exd4 
22.cxd4 Tae8 23.Dc4+ Rh8 24.Rf1 fxe4 25.Fxe4 Cd8 26.b4 Te7 27.Te3 Tfe8 28.
Tde1 Dh6 29.a4 c6 30.d5 b5 31.axb5 cxb5 32.Da2 Dg7 33.Dxa6 Fc3 34.Tc1 Fxb4
35.Dxb5 Fc5 36.Te2 Df6 37.Fd3 Txe2 38.Fxe2 Te4 39.Fd3 Te7 40.Da6 Ta7 41.
Dc4 Cf7 42.Dc3 Ce5 43.Db2 Te7 44.Te1 Rg7 45.Cd4 h5 46.Cf3 Tf7 47.Fe4 Cxf3 
48.Dxf6+ Rxf6 49.Fxf3 Te7 50.Tb1 Ta7 51.Tb2 1/2-1/2